000 00478nam a22001697a 4500
003 NUST - PNEC
005 20170116181054.0
008 150930b xxu||||| |||| 00| 0 eng d
020 _a0070990573
040 _cLIBRARY
082 _a629.53 DIS
100 _911998
_aDiStefano, Joseph J.
245 _aSchaum's outline oftheory and problems of feedback and control systems
_cDiStefano, Joseph J.
260 _cc.1967
650 _911997
_aMS Control
_xMScon
942 _2ddc
_cBK
999 _c68492
_d68492